The radical in ring varieties
Elmentve itt :
| Szerző: | |
|---|---|
| Dokumentumtípus: | Cikk |
| Megjelent: |
1977
|
| Sorozat: | Acta scientiarum mathematicarum
39 No. 3-4 |
| Kulcsszavak: | Matematika |
| Online Access: | http://acta.bibl.u-szeged.hu/14640 |
| LEADER | 00605nab a2200181 i 4500 | ||
|---|---|---|---|
| 001 | acta14640 | ||
| 005 | 20210409125623.0 | ||
| 008 | 161015s1977 hu o 0|| eng d | ||
| 022 | |a 0001-6969 | ||
| 040 | |a SZTE Egyetemi Kiadványok Repozitórium |b hun | ||
| 041 | |a eng | ||
| 100 | 1 | |a Iskander Awad A. | |
| 245 | 1 | 4 | |a The radical in ring varieties |h [elektronikus dokumentum] / |c Iskander Awad A. |
| 260 | |c 1977 | ||
| 300 | |a 291-301 | ||
| 490 | 0 | |a Acta scientiarum mathematicarum |v 39 No. 3-4 | |
| 695 | |a Matematika | ||
| 856 | 4 | 0 | |u http://acta.bibl.u-szeged.hu/14640/1/math_039_fasc_003_004_291-301.pdf |z Dokumentum-elérés |